• 首页
  • 本馆介绍
  • 公告通知
  • 最新文献
  • 馆藏检索
  • 电子资源
  • 读者导购
  • 参考咨询
  • 我的图书馆
  • 登录
  • 详细信息显示
  • 放入我的书架
  • 预约/预借图书
  • 作者相关作品
  • 分类相关作品
  • 丛书相关作品
  • 出版社相关作品

书目信息

  • 表格格式
  • 工作单格式
  • 卡片格式
题名:
打篮球学绝招
    
 
作者: 王闻涛 编著
分册:  
出版信息: 北京   人民体育出版社  2002
页数: 368页
开本: 19cm
丛书名:
单 册:
中图分类: G841.19
科图分类:
主题词: 篮球运动--运动技术
电子资源:
ISBN: 7-5009-2272-8
000 00727nam0 2200217 45
001 002352287
005 20050411082039.8
010    @a7-5009-2272-8@dCNY16.00
100    @a20030416d2002 em y0chiy0110 ea
101 0  @achi
102    @aCN@b110000
105    @aa z 000yy
200 1  @a打篮球学绝招@Ada lan qiu xue jue zhao@f王闻涛编著@FWang Wen Tao Bian Zhu
210    @a北京@c人民体育出版社@d2002
215    @a368页@c图@d19cm
330    @a本书详尽地介绍了著名运动员黄柏龄、杨伯镛、钱澄海、张卫平、乔丹等的篮球绝招,全书共有14章,包括:排除困惑、中锋的进攻和防守技术等。
606 0  @a篮球运动@x运动技术
690    @aG841.19@v4
701  0 @a王闻涛@4编著
801  0 @aCN@bNLC@c20030805
905    @f5@b348007-011@dG841.19@e197
    
    打篮球学绝招/王闻涛编著.-北京:人民体育出版社,2002
    368页:图;19cm
    
    
    ISBN 7-5009-2272-8:CNY16.00
    本书详尽地介绍了著名运动员黄柏龄、杨伯镛、钱澄海、张卫平、乔丹等的篮球绝招,全书共有14章,包括:排除困惑、中锋的进攻和防守技术等。
●
相关链接 在E读中查询图书 在五车中查询图书 在当当中查询图书 在豆瓣中查询图书


正题名:打篮球学绝招     索取号:G841.19/197         预约/预借

序号 登录号 条形码 馆藏地/架位号 状态 备注
1 0348007   203480072   第一样本阅览室/ [索取号:G841.19/197] 在馆    
2 0348008   203480081   第四借阅区/ [索取号:G841.19/197] 在馆    
3 0348009   203480090   第四借阅区/ [索取号:G841.19/197] 在馆    
4 0348010   203480107   第四借阅区/ [索取号:G841.19/197] 在馆    
5 0348011   203480116   第四借阅区/ [索取号:G841.19/197] 在馆    
唐山师范学院图书馆 欢迎您!
大连网信软件有限公司© 版权所有